000 00822nam a22002537a 4500
003 UA-OsUOA
001 100745
007 ta
008 20130529b un ||||| |||| 00| 0 ukr d
100 _aНаєнко Г. М.
090 _a811.161.2'36
_bН17
942 _cBK
040 _aUA-OsUOA
_bukr
_cUA-OsUOA
_dUA-OsUOA
245 _aІсторична морфологія української мови
_bнавчальний посібник
300 _a136 с.
955 _a2
041 _aukr
080 _a811.161.2'36
020 _a978-966-439-258-4
260 _aК.
_bВПЦ "КУ"
_c2010
246 3 1 _aДинаміка граматичної форми
_n
650 7 _a8 Мовознавство. Художня література. Літературознавство
_2UDC
999 _c386965
_d386965